NBA: Most Rebounds (2020-2021 Season) - Statistics

General Stats
  • This quiz has been taken 84 times
    55 since last reset
  • The average score is 27 of 51
Answer Stats
# Player Rebounds % Correct
18 Joel Embiid 455
91%
5 Nikola Jokić 645
91%
1 Rudy Gobert 787
91%
11 Giannis Antetokounmpo 552
89%
22 Andre Drummond 418
80%
2 Clint Capela 764
80%
9 Domantas Sabonis 615
77%
4 Nikola Vučević 676
77%
10 Russell Westbrook 578
77%
21 Luka Dončić 423
75%
14 Bam Adebayo 487
73%
6 Deandre Ayton 629
73%
43 Kristaps Porziņģis 361
73%
31 DeAndre Jordan 386
66%
12 Steven Adams 495
66%
30 Zion Williamson 387
66%
49 Draymond Green 344
64%
13 Jarrett Allen 492
64%
T50 Pascal Siakam 340
64%
25 Jayson Tatum 398
61%
7 Jonas Valančiūnas 628
61%
T39 Ben Simmons 367
59%
8 Julius Randle 620
59%
23 Karl-Anthony Towns 413
59%
16 Dwight Howard 474
57%
27 John Collins 393
57%
46 Christian Wood 353
52%
45 Tobias Harris 355
52%
3 Enes Kanter 680
50%
19 Ivica Zubac 454
48%
T28 Montrezl Harrell 388
45%
T39 Tristan Thompson 367
45%
15 Mason Plumlee 485
43%
33 Dejounte Murray 380
41%
44 Miles Bridges 357
41%
20 Richaun Holmes 447
39%
37 Michael Porter Jr. 373
34%
T50 Thaddeus Young 340
34%
41 Wendell Carter Jr. 365
34%
35 Bobby Portis 378
32%
T28 Kelly Olynyk 388
32%
48 Nerlens Noel 348
30%
26 Chris Boucher 397
27%
47 Keldon Johnson 351
25%
42 Kyle Kuzma 362
25%
38 Harrison Barnes 372
23%
34 Robert Covington 379
20%
36 Josh Hart 377
11%
24 Royce O'Neale 409
11%
17 Jakob Poetl 459
9%
32 Isaiah Stewart 382
7%
No matching quizzes found
Score Distribution
Percent of People with Each Score
Percentile by Number Answered
Your Score History
You have not taken this quiz since the last reset